00298 a2200133 450000100060000002000060000604000220001210000290003424000360006324500310009930000080013036200090013865000170014762893 a  cAnchieta - Pituba aLobo, Francisco Silveira10aEducação a distâncialpor10aEducação a distância a1020 a2000 4aEducação